00891 2200349 4500001002100000005001500021035002000036008004100056245009500097100001700192700001700209700001800226260002600244300003100270020001800301084001600319082001000335650001800345500003400363990001200397990001200409990001200421990001200433990001200445990001200457990001200469990001200481990001200493990001200505990001200517990001200529INLIS00000000001627020230531101305 a0010-0523000030230531 e 1 ind 1 aNo Longer Heroine vol.4 /cMomoko Koda; alih bahasa, Ratih Aulia; penyunting, Mustika Arum aKODA, Momoko aRATIH, Aulia0 aMUSTIKA, Arum aJakarta :bM&C,c2019 a199 hal. :bilus. ;c17 cm a9786024803650 a741.5 KOD n a741.5 4aKOMIK. BACAAN aJudul asli : Heroine Shikkaku a11071 a a11071 b a11071 c a11071 d a11071 e a11071 f a11071 g a11071 h a11071 i a11071 j a11071 k a11071 l